000 00628nam a2200205Ia 4500
008 191130s1998##################000#0#eng##
020 _a9783960760117
040 _aACL
_cACL
082 _a234.131 UGW
100 _aUgwu, Chinonyelu Moses
245 _aHealing in the Nigerian church : a pastoral - psychological exploration
_cChinonyelu Moses Ugwu
260 _aBern
_bPeter Lang
_cc1998
300 _a264 p. ; 23 cm
500 _aIncludes bibliographical references (p. 259-265)
650 _aChristianity
650 _aReligion
990 _a84f7a1efac10000c4187a17d1a8e55d7
991 _a100341
999 _c202546
_d202546